000 00680nas a2200229 4500
001 BR7601102
003 BR-BrBNA
005 20231205082925.0
007 ta
008 230509b bl.|||p| |||| 00| 00por d
040 _aBR-BrBNA
_bpor
_cBiblioteca Nacional de Agricultura
041 _a(Pt)
072 _aL50
100 1 _aCorrieri, L.
245 1 _aContribuicao ao estudo da eletrocardiografia
650 _aFISIOLOGIA ANIMAL
650 _aBIOQUIMICA ANIMAL
650 _aELETROCARDIOGRAFIA
773 0 _tAtualidades Veterinarias (Brazil)
_xISSN 0100-2759
_g(May-Jun 1975), v. 4(24) p. 30-39
_wBR7601102
909 _a202311
_bLúcia
_c55
_dLúcia Elande
942 _2AGRIS
_n0
_cANA
999 _c95139
_d95139